Lagu Hindi shabdhsagar (Record no. 16303)

MARC details
000 -LEADER
fixed length control field 00363nam a2200145Ia 4500
082 ## - DEWEY DECIMAL CLASSIFICATION NUMBER
Classification number RR 491.433 LAG;
245 #0 - TITLE STATEMENT
Title Lagu Hindi shabdhsagar
260 ## - PUBLICATION, DISTRIBUTION, ETC. (IMPRINT)
Place of publication Kasi
Name of publisher Naagri Pracharini Sabha
Year of publication 0
300 ## - PHYSICAL DESCRIPTION
Number of Pages 1118p.
440 ## - SERIES STATEMENT/ADDED ENTRY--TITLE
Title Kosh granthmala; 3
504 ## - BIBLIOGRAPHY, ETC. NOTE
Bibliography, etc ref .book
650 ## - SUBJECT ADDED ENTRY--TOPICAL TERM
Topical Term Hindi language - Dictionaries
700 ## - ADDED ENTRY--PERSONAL NAME
Personal name Tripathi, Karuragpathi
942 ## - ADDED ENTRY ELEMENTS (KOHA)
Koha item type Books
Holdings
Withdrawn status Lost status Damaged status Not for loan Home library Current library Date acquired Full call number Accession Number Price effective from Koha item type
        NASSDOC Library NASSDOC Library 08/06/2004 RR 491.433 LAG; 12427 18/04/2019 Books